000 00286nam a22001337a 4500
008 221003b ||||| |||| 00| 0 eng d
041 _aeng
080 _a610.73
082 _a610.73
100 _a6
101 _aINF
245 _aFundamentals of nursing
_cPotter,P
942 _2udc
_cBK
999 _c58321
_d58321